Európska únia a unifikácia Európy

Podrobná bibliografia
Hlavný autor: Bracjun, Anatolij, 1945- (Autor)
Médium: Článok
Jazyk:slovenčina
Predmet:

MARC

LEADER 00000nab a2200000 a 4500
001 vtls000787195
003 SK-MaSNL
005 20260426082532.0
008 180206c2002 xo 0 slo
015 |a SNBRB2002/03-08673 
035 |a CLN000138850 
040 |a SNKBUCL  |b slo  |c SNKBUCL  |e AACR2 
041 0 |a slo 
044 |a xo  |c SK 
080 |a 327(437.6:4):327.39(4)  |2 UDC-MRF-SK2 
080 |a 327.39(4)  |2 UDC-MRF-SK2 
100 1 |a Bracjun, Anatolij,  |d 1945-  |4 aut  |9 119325 
245 1 0 |a Európska únia a unifikácia Európy  |c Anatolij Bracjun 
610 2 7 |a Európska únia  |2 SNKKA2  |9 29861 
650 0 7 |a európska integrácia  |2 SNKPH  |9 2140 
651 7 |a Slovensko  |2 SNKPHgeo  |9 14231 
655 7 |a články z novín a časopisov  |2 snkbucl  |9 267496 
773 0 |t Sme  |g Roč. 10, č. 57 (8.3.2002), s. 8 
850 |a Slovenská národná knižnica v Martine 
852 |a SNK  |b KIS3GCP 
958 |a RBX 
999 |c 2877533  |d 2879463